书目信息 |
| 题名: |
宁夏土地沙漠化动态监测及预警机制研究
|
|
| 作者: | 温学飞, 著 | |
| 分册: | ||
| 出版信息: | 北京 中国农业科学技术出版社 2018.06 |
|
| 页数: | 196页, 2页图版 | |
| 开本: | 24cm | |
| 丛书名: | ||
| 单 册: | ||
| 中图分类: | P941.73 | |
| 科图分类: | ||
| 主题词: | 土地荒漠化--tu di huang mo hua--动态监测 , 土地荒漠化--tu di huang mo hua--防治 | |
| 电子资源: | ||
| ISBN: | 978-7-5116-3662-1 | |
| 000 | 01290nam0 2200277 450 | |
| 001 | CAL 0120182525311 | |
| 005 | 20180727180921.3 | |
| 010 | @a978-7-5116-3662-1@dCNY68.00 | |
| 100 | @a20180726d2018 em y0chiy50 ea | |
| 101 | 0 | @achi |
| 102 | @aCN@b110000 | |
| 105 | @aabfka 000yy | |
| 106 | @ar | |
| 200 | 1 | @a宁夏土地沙漠化动态监测及预警机制研究@Aning xia tu di sha mo hua dong tai jian ce ji yu jing ji zhi yan jiu@f温学飞著@Fwen xue fei zhu |
| 210 | @a北京@c中国农业科学技术出版社@d2018.06 | |
| 215 | @a196页, 2页图版@c图, 地图@d24cm | |
| 314 | @a温学飞, 中国共产党党员, 副研究员。 | |
| 320 | @a有书目 (第193-196页) | |
| 330 | @a本书通过对遥感影像的解译, 介绍了我区沙漠化土地的分布与发展现状, 分析过去几十年以来我区沙漠化的发展演变过程, 结合气候变化、土地利用、社会经济发展数据分析土地沙漠化的驱动力 ; 结合GIS和GPS技术, 进行野外调查, 收集沙化区域的基础生态环境数据, 对沙漠化土地进行分级, 建立相关的预测预报模型, 掌握沙漠化的发展趋势, 为宁夏沙漠化土地治理和社会经济发展提供数据支持, 具有非常重要的意义。 | |
| 586 | @a | |
| 606 | 0 | @a土地荒漠化@Atu di huang mo hua@x动态监测 |
| 606 | 0 | @a土地荒漠化@Atu di huang mo hua@x防治 |
| 690 | @aP941.73@v5 | |
| 701 | 0 | @a温学飞,@Awen xue fei@f1972-@4著 |
| 801 | 0 | @aCN@c20180726 |
| 905 | @a河南城建学院图书馆@dP941.73@eW625@f2 | |
| 宁夏土地沙漠化动态监测及预警机制研究/温学飞著.-北京:中国农业科学技术出版社,2018.06 |
| 196页, 2页图版:图, 地图;24cm |
| ISBN 978-7-5116-3662-1:CNY68.00 |
| 本书通过对遥感影像的解译, 介绍了我区沙漠化土地的分布与发展现状, 分析过去几十年以来我区沙漠化的发展演变过程, 结合气候变化、土地利用、社会经济发展数据分析土地沙漠化的驱动力 ; 结合GIS和GPS技术, 进行野外调查, 收集沙化区域的基础生态环境数据, 对沙漠化土地进行分级, 建立相关的预测预报模型, 掌握沙漠化的发展趋势, 为宁夏沙漠化土地治理和社会经济发展提供数据支持, 具有非常重要的意义。 |
| ● |
| 相关链接 |
|
|
|
正题名:宁夏土地沙漠化动态监测及预警机制研究
索取号:P941.73/W625
 
预约/预借
| 序号 | 登录号 | 条形码 | 馆藏地/架位号 | 状态 | 备注 |
| 1 | 1407503 | 214075034 | 自科库401/401自科库 135排2列3层/ [索取号:P941.73/W625] | 在馆 | |
| 2 | 1407504 | 214075043 | 自科库401/401自科库 135排2列3层/ [索取号:P941.73/W625] | 在馆 |